[Event "Uadjpur Pandiyar Memorial 7th"]
[Site "Uadjpur"]
[Date "2022.10.09"]
[Round "4"]
[White "Mhamane, Sourabh"]
[Black "Subham, Saha"]
[Result "1/2-1/2"]
[WhiteElo "1771"]
[BlackElo "1545"]
[PlyCount "114"]
[EventDate "2022.10.08"]
[EventType "swiss"]
[EventRounds "9"]
[EventCountry "IND"]
[SourceTitle "CBM 210 Extra"]
[Source "ChessBase"]
[SourceDate "2022.11.30"]
[SourceVersion "1"]
[SourceVersionDate "2022.11.30"]
[SourceQuality "1"]

1. d4 Nf6 2. c4 e6 3. Nf3 b6 4. g3 Bb7 5. Bg2 Bb4+ 6. Bd2 Bxd2+ 7. Nbxd2 0-0 8. 0-0 d6 9. Qc2 Nbd7 10. e4 e5 11. d5 a5 12. b3 Qe7 13. a3 Rfb8 14. Nb1 c5 15. Nc3 Ba6 16. Qe2 Nf8 17. Rfb1 Qd7 18. Bf1 Ne8 19. Qe3 Nc7 20. Nd2 Ng6 21. h4 h6 22. h5 Ne7 23. f4 Ne8 24. Be2 Qh3 25. f5 Nf6 26. Qf3 Nxh5 27. Nf1 Nf6 28. Nd1 Nxe4 29. Qxe4 Qxf5 30. Nf2 Qxe4 31. Nxe4 Rd8 32. g4 Nxd5 33. Bf3 Nc7 34. Rd1 Bb7 35. Nf6+ gxf6 36. Bxb7 Ra7 37. Be4 Ne6 38. Ng3 Nd4 39. Rf1 Nxb3 40. Rad1 Nd4 41. Rxf6 b5 42. Kg2 bxc4 43. Rxh6 d5 44. Rdh1 Kf8 45. Rh8+ Ke7 46. Rxd8 Kxd8 47. Bxd5 c3 48. Rc1 c2 49. Be4 c4 50. Bxc2 Rb7 51. Be4 Rb2+ 52. Kh3 Rb3 53. Rxc4 Ne2 54. Ra4 Nxg3 55. Bd5 Rd3 56. Bxf7 Nf5+ 57. Kg2 Nd6 1/2-1/2